LIBRARY & INFORMATION CENTRE, KCAET, TAVANUR

ONLINE PUBLIC ACCESS CATALOGUE (OPAC)

Adventure and achievement / (Record no. 4337)

MARC details
000 -LEADER
fixed length control field 00453cam a2200181ua 4500
041 ## - LANGUAGE CODE
Language code of text/sound track or separate title eng
082 ## - DEWEY DECIMAL CLASSIFICATION NUMBER
Classification number 823.301
Item number PIL/AD
100 ## - MAIN ENTRY--AUTHOR NAME
Personal name Pillai, K P A .
245 ## - TITLE STATEMENT
Title Adventure and achievement /
260 ## - PUBLICATION, DISTRIBUTION, ETC. (IMPRINT)
Place of publication New Delhi :
Name of publisher National Publishing House ,
Year of publication 1970.
300 ## - PHYSICAL DESCRIPTION
Number of Pages 136 ; .
942 ## - ADDED ENTRY ELEMENTS (KOHA)
Koha item type Books
Holdings
Withdrawn status Lost status Damaged status Home library Current library Date acquired Full call number Accession Number Koha item type
      KAUAET KAUAET 07/04/2012 823.301 13197 Books
      KAUAET KAUAET 07/04/2012 823.301 13142 Books
      KAUAET KAUAET 07/04/2012 823.301 13141 Books
Withdrawn     KAUAET Sanskrit University 07/04/2012 823.301 13198 Books
free website counter